The spatialities of radio astronomy / (Record no. 7385)

MARC details
000 -LEADER
fixed length control field 03294cam a2200397 i 4500
001 - CONTROL NUMBER
control field 22930148
003 - CONTROL NUMBER IDENTIFIER
control field OSt
005 - DATE AND TIME OF LATEST TRANSACTION
control field 20241210094618.0
008 - FIXED-LENGTH DATA ELEMENTS--GENERAL INFORMATION
fixed length control field 230114s2023 enkab b 001 0 eng
010 ## - LIBRARY OF CONGRESS CONTROL NUMBER
LC control number 2022052243
020 ## - INTERNATIONAL STANDARD BOOK NUMBER
International Standard Book Number 9781032357461
Qualifying information (hardback)
020 ## - INTERNATIONAL STANDARD BOOK NUMBER
International Standard Book Number 9781032357478
Qualifying information (paperback)
020 ## - INTERNATIONAL STANDARD BOOK NUMBER
Canceled/invalid ISBN 9781003328353
Qualifying information (ebook)
040 ## - CATALOGING SOURCE
Original cataloging agency LBSOR
Language of cataloging eng
Description conventions rda
Transcribing agency LBSOR
042 ## - AUTHENTICATION CODE
Authentication code pcc
050 00 - LIBRARY OF CONGRESS CALL NUMBER
Classification number QB479.2
Item number .T736 2023
082 00 - DEWEY DECIMAL CLASSIFICATION NUMBER
Classification number 522.682 T736 2023
Edition number 23/eng20230323
100 1# - MAIN ENTRY--PERSONAL NAME
Personal name Trangos̆, Guy,
Relator term author.
245 14 - TITLE STATEMENT
Title The spatialities of radio astronomy /
Statement of responsibility, etc. Guy Trangoš.
264 #1 - PRODUCTION, PUBLICATION, DISTRIBUTION, MANUFACTURE, AND COPYRIGHT NOTICE
Place of production, publication, distribution, manufacture Lomdon;
-- New York :
Name of producer, publisher, distributor, manufacturer Routledge, Taylor & Francis Group,
Date of production, publication, distribution, manufacture, or copyright notice 2023.
300 ## - PHYSICAL DESCRIPTION
Extent xvii, 246 pages :
Other physical details illustrations, maps ;
Dimensions 24 cm
336 ## - CONTENT TYPE
Content type term text
Content type code txt
Source rdacontent
337 ## - MEDIA TYPE
Media type term unmediated
Media type code n
Source rdamedia
338 ## - CARRIER TYPE
Carrier type term volume
Carrier type code nc
Source rdacarrier
490 0# - SERIES STATEMENT
Series statement Routledge research in architecture
504 ## - BIBLIOGRAPHY, ETC. NOTE
Bibliography, etc. note Includes bibliographical references and index.
505 0# - FORMATTED CONTENTS NOTE
Formatted contents note Fortress science -- Making science -- Territories of emptiness -- Hyper concentration -- Negotiating contingencies -- Epilogue : to the moon.
520 ## - SUMMARY, ETC.
Summary, etc. "The spaces of science are understudied by the spatial disciplines and studies of science and technology. This book examines this multidisciplinary overlap through a comparative study of four of the world's most important radio telescopes. Through detailed analysis, historical research, interviews, personal observations, and various conceptual manoeuvres, the author reveals the depth of spatial process active at these scientific sites and the territories they traverse. Through the conceptual frameworks of territory, hyper-concentration, and contingency, the book examines the telescope as one exploded across space and time, present in multiple connected sites simultaneously, and active in the production of space. It develops a historiographic and contemporary analysis of the Atacama Large Millimeter/submillimeter Array (ALMA, Chile); the Five-hundred-meter diameter Aperture Spherical Array (FAST, China); the Arecibo Observatory (Puerto Rico); and the MeerKAT/SKA (South Africa). These case studies are global exemplars of the different spatial transformations that occur through science. Their relationships to surrounding communities and landscapes reveal deeper constitutional processes embodied in each institutional and spatial form. This book spans the modern history of architecture and science, the studies of science, technology and society, and urban theory. It is of specific interest to architects and designers expanding their analysis of spatial production, scholars in the study of geography, landscape, science, technology, and astronomy, and people fascinated with how these radio telescopes were conceptualised, built, and operate today"--
Assigning source Provided by publisher.
650 #0 - SUBJECT ADDED ENTRY--TOPICAL TERM
Topical term or geographic name entry element Radio telescopes.
650 #0 - SUBJECT ADDED ENTRY--TOPICAL TERM
Topical term or geographic name entry element Radio astronomy.
650 #0 - SUBJECT ADDED ENTRY--TOPICAL TERM
Topical term or geographic name entry element Architecture and science.
776 08 - ADDITIONAL PHYSICAL FORM ENTRY
Relationship information Online version:
Main entry heading Trangoš, Guy.
Title Spatialities of radio astronomy
Place, publisher, and date of publication Abingdon, Oxon ; New York : Routledge, 2023
International Standard Book Number 9781003328353
Record control number (DLC) 2022052244
906 ## - LOCAL DATA ELEMENT F, LDF (RLIN)
a 7
b cbc
c orignew
d 1
e ecip
f 20
g y-gencatlg
942 ## - ADDED ENTRY ELEMENTS (KOHA)
Source of classification or shelving scheme Dewey Decimal Classification
Koha item type English Book
Suppress in OPAC No
Holdings
Withdrawn status Lost status Source of classification or shelving scheme Damaged status Not for loan Home library Current library Date acquired Total Checkouts Full call number Barcode Date last seen Price effective from Koha item type
    Dewey Decimal Classification     CENTRAL TUWAIQ 12/10/2024   522.682 T736 2023 1000000025264 12/10/2024 12/10/2024 English Book